| 000 -LEADER |
| fixed length control field |
01145pab a2200157 454500 |
| 008 - FIXED-LENGTH DATA ELEMENTS--GENERAL INFORMATION |
| fixed length control field |
180718b2002 xxu||||| |||| 00| 0 eng d |
| 100 ## - MAIN ENTRY--PERSONAL NAME |
| Personal name |
Agnihotri, Satish B. |
| 245 ## - TITLE STATEMENT |
| Title |
High female literacy, low child population: is there a threshold effect? |
| 260 ## - PUBLICATION, DISTRIBUTION, ETC. |
| Date of publication, distribution, etc. |
2002 |
| 300 ## - PHYSICAL DESCRIPTION |
| Extent |
p.4054-05. |
| 362 ## - DATES OF PUBLICATION AND/OR SEQUENTIAL DESIGNATION |
| Dates of publication and/or sequential designation |
28 Sep |
| 520 ## - SUMMARY, ETC. |
| Summary, etc. |
This paper examines the relationship between rural female literacy and the size of the child population (0-6 years) using block level data from the population census of 1991 for West Bengal. Its purpose is to find out if there is any threshold level of female literacy associated with a rapid decline in the size of the under-6 population. The analysis is done separately for three social groups; the tribals, the scheduled castes and the rest or the `general' population. The results have an important bearing on policy while processes behind these are of considerable significance to researchers. Further, validation of these patterns using 2001 Census data and similar analysis for states is indicated. - Reproduced. |
| 650 ## - SUBJECT ADDED ENTRY--TOPICAL TERM |
| Topical term or geographic name entry element |
Womens education |
| 773 ## - HOST ITEM ENTRY |
| Main entry heading |
Economic and Political Weekly |
| 909 ## - |
| -- |
53984 |